|
|
|
|
| LEADER |
00000ngm a2200000 a 4500 |
| 007 |
26747, 26748, 26749, 26750, 26751, 26752 |
| 008 |
220908s2015 spa||||| |||| 00| 0 cat d |
| 017 |
|
|
|a DL B-2056-2015
|
| 017 |
|
|
|a DL B-2057-2015
|
| 017 |
|
|
|a DL B-2058-2015
|
| 017 |
|
|
|a DL B-2059-2015
|
| 017 |
|
|
|a DL B-2060-2015
|
| 017 |
|
|
|a DL B-2061-2015
|
| 080 |
|
|
|a CD-
|
| 111 |
0 |
|
|9 54260
|a Governs Locals: KM. 0 (Jornades)
|n (1es :
|d 2013 :
|c Barcelona, Catalunya)
|
| 245 |
|
|
|a Cicles de jornades :
|b Governs Locals: Km 0 : interrogants i reptes sobre el futur del món local
|
| 260 |
|
|
|a Barcelona :
|b Diputació de Barcelona, Àrea de Presidència
|c 2015
|
| 300 |
|
|
|a 6 DVD :
|b so, color
|
| 500 |
|
|
|a Cicle de Jornades "Governs locals: KM. 0 : interrogants i reptes sobre el futur del món local", celebrat a Barcelona entre el 23 d'octubre de 2013 i el 09 d'abril de 2014
|
| 500 |
|
|
|a A la portada: Mancomunitat de Catalunya
|
| 505 |
|
|
|a Conté: Vol. 1. La Reforma local : reptes i oportunitats davant els projectes de reforma del règim local impulsats pel govern estatal i el govern de la Generalitat. -- Vol. 2. Per uns governs local més eficients : visions des d'Europa. -- Vol. 3. La Reforma del sector públic local : com afecten els projectes de llei de reforma local als ens instrumentals que formen el sector pública local? -- Vol. 4. L'Organització territorial dels governs locals : afectacions, reptes i qüestions pendents en els projectes de reforma local. -- Vol. 5. La Llei de racionalització i sostenibilitat de l'administració local. Incidència i aplicació als governs locals de Catalunya. -- Vol. 6. Transparència, bon govern i integritat institucional als governs locals.
|
| 650 |
|
0 |
|9 10655
|a Administració local
|z Catalunya
|
| 650 |
|
0 |
|a Municipis
|z Catalunya
|x Govern i administració
|
| 650 |
|
0 |
|a Congressos i conferències
|9 48301
|
| 655 |
|
0 |
|a DVD
|9 54986
|
| 710 |
1 |
|
|a Barcelona (Catalunya : Província).
|b Diputació
|9 52408
|
| 710 |
2 |
|
|9 53015
|a Catalunya.
|b Mancomunitat
|
| 711 |
|
|
|9 53830
|a Governs Locals: KM. 0 (Jornades)
|n (2es :
|d 2013 :
|c Barcelona, Catalunya)
|
| 711 |
|
|
|9 54126
|a Governs Locals: KM. 0 (Jornades)
|n (3es :
|d 2013 :
|c Barcelona, Catalunya)
|
| 711 |
|
|
|9 53552
|a Governs Locals: KM. 0 (Jornades)
|n (4es :
|d 2014 :
|c Barcelona, Catalunya)
|
| 711 |
|
|
|a Governs Locals: KM. 0 (Jornades)
|n (5es :
|d 2014 :
|c Barcelona, Catalunya)
|
| 711 |
|
|
|a Governs Locals: KM. 0 (Jornades)
|n (6es :
|d 2014 :
|c Barcelona, Catalunya)
|
| 942 |
|
|
|2 udc
|n 1
|c ARXIU
|
| 952 |
|
|
|0 0
|1 0
|4 0
|6 CD
|7 1
|9 63837
|a Arxiu
|b Arxiu
|d 2022-09-08
|h Vol. 1
|l 0
|o CD-
|p 26747
|r 2022-09-08 00:00:00
|w 2022-09-08
|y ARXIU
|
| 952 |
|
|
|0 0
|1 0
|4 0
|6 CD
|7 1
|9 63838
|a Arxiu
|b Arxiu
|d 2022-09-08
|h Vol. 2
|l 0
|o CD-
|p 26748
|r 2022-09-08 00:00:00
|w 2022-09-08
|y ARXIU
|
| 952 |
|
|
|0 0
|1 0
|4 0
|6 CD
|7 1
|9 63839
|a Arxiu
|b Arxiu
|d 2022-09-08
|h Vol. 3
|l 0
|o CD-
|p 26749
|r 2022-09-08 00:00:00
|w 2022-09-08
|y ARXIU
|
| 952 |
|
|
|0 0
|1 0
|4 0
|6 CD
|7 1
|9 63840
|a Arxiu
|b Arxiu
|d 2022-09-08
|h Vol. 4
|l 0
|o CD-
|p 26750
|r 2022-09-08 00:00:00
|w 2022-09-08
|y ARXIU
|
| 952 |
|
|
|0 0
|1 0
|4 0
|6 CD
|7 1
|9 63841
|a Arxiu
|b Arxiu
|d 2022-09-08
|h Vol. 5
|l 0
|o CD-
|p 26751
|r 2022-09-08 00:00:00
|w 2022-09-08
|y ARXIU
|
| 952 |
|
|
|0 0
|1 0
|4 0
|6 CD
|7 1
|9 63842
|a Arxiu
|b Arxiu
|d 2022-09-08
|h Vol. 6
|l 0
|o CD-
|p 26752
|r 2022-09-08 00:00:00
|w 2022-09-08
|y ARXIU
|
| 999 |
|
|
|c 82651
|d 82651
|